01346 2200361 4500001002100000005001500021035002000036008004100056020000700097041000800104082001100112084001500123100005600138245009600194250001100290260004100301300003400342520023200376650002300608700004100631990002500672990002600697990002700723990002700750990002500777990002600802990002500828990002600853990002700879990002600906990002500932990002700957INLIS00000000000056620221104055237 a0010-0520000566221104 | | ind  a99 aind a347.03 a347.03 BUN0 aBunga Rampai Refleksi Satu Tahun Komisi Yudisial RI1 aBunga Rampai Refleksi Satu Tahun Komisi Yudisial RI /cHermansyah (Ketua Pelaksana Program) aCet.1. aJakarta :bKomisi Yudisial RI,c2006 axx, 537 hlm. ; 21 cm ;c21 cm aBuku ini berisi pandangan yang beragam sebagai refleksi satu tahun Komisi Yudisial, berupa catatan dan kritik dari para penulis, yang terdiri dari hakim agung,akademis,pengamat dan praktisi, selain dari anggota Komisi Yudisial. 4a1. Komisi Yudisial0 aHermansyah (Ketua Pelaksana Program) a16613/MKRI-P/VI-2010 a20558/MKRI-P/III-2011 a03905/MKRI-P/VIII-2006 a03905/MKRI-P/VIII-2006 a16613/MKRI-P/VI-2010 a20558/MKRI-P/III-2011 a16613/MKRI-P/VI-2010 a20558/MKRI-P/III-2011 a03905/MKRI-P/VIII-2006 a20558/MKRI-P/III-2011 a16613/MKRI-P/VI-2010 a03905/MKRI-P/VIII-2006